Устройство для проверки скважинных инклинометров методом сравнения с эталоном в полевых условиях; Вестник науки Сибири; № 2 (12)
| Parent link: | Вестник науки Сибири: электронный научный журнал/ Томский политехнический университет (ТПУ).— , 2011-.— 2226-0064 № 2 (12).— 2014.— [С. 101-106] |
|---|---|
| मुख्य लेखक: | |
| निगमित लेखक: | |
| अन्य लेखक: | , |
| सारांश: | Заглавие с титульного листа Для метрологического обеспечения инклинометрической аппаратуры на геофизических предприятиях широко распространены метрологические установки калибровки и проверки скважинных инклинометров типа УСИ-2, УПИ-1, УКИ-2, УНП-3 и др. Подобные установки могут быть использованы только в стационарных условиях завода - изготовителя инклинометров или лабораторий геофизических компаний. До настоящего времени нет средств для оперативной проверки инклинометров на месторождениях. Авторами предложен метод и устройство для упрощения и повышения мобильности проверки скважинной системы ориентации, основанный на проверке инклинометров с использованием эталонной системы ориентации. Приводится описание процедуры проверки систем ориентации, выбраны чувствительные элементы и предложена ее конструктивная компоновка. Габариты и масса устройства сравнительно малы, что позволяет легко транспортировать его и быстро монтировать. Конструкция установки проста, обеспечивает высокую точность базирования поверяемого инклинометра и эталонного прибора. Возможность применения устройства для инклинометров разных диаметров делает его универсальным. Стоимость устройства много меньше поверочных установок. Простота обслуживания приводит к снижению трудоемкости работ при проверке инклинометров в полевых условиях. |
| भाषा: | रूसी |
| प्रकाशित: |
2014
|
| श्रृंखला: | Инженерные науки |
| विषय: | |
| ऑनलाइन पहुंच: | http://earchive.tpu.ru/handle/11683/16695 |
| स्वरूप: | इलेक्ट्रोनिक पुस्तक अध्याय |
| KOHA link: | https://koha.lib.tpu.ru/cgi-bin/koha/opac-detail.pl?biblionumber=533122 |
MARC
| LEADER | 00000naa2a2200000 4500 | ||
|---|---|---|---|
| 001 | 533122 | ||
| 005 | 20260206162511.0 | ||
| 035 | |a (RuTPU)RU\TPU\prd\220635 | ||
| 035 | |a RU\TPU\prd\220566 | ||
| 090 | |a 533122 | ||
| 100 | |a 20140623d2014 k y0rusy50 ca | ||
| 101 | 0 | |a rus | |
| 102 | |a RU | ||
| 135 | |a drnn ---uucaa | ||
| 181 | 0 | |a i | |
| 182 | 0 | |a b | |
| 200 | 1 | |a Устройство для проверки скважинных инклинометров методом сравнения с эталоном в полевых условиях |f А. Н. Гормаков, И. А. Ульянов, В. Г. Ткачев | |
| 203 | |a Текст |c электронный | ||
| 215 | |a 1 файл (621 Кб) | ||
| 225 | 1 | |a Инженерные науки | |
| 300 | |a Заглавие с титульного листа | ||
| 320 | |a [Библиогр.: с. 105-106 (4 назв.)] | ||
| 330 | |a Для метрологического обеспечения инклинометрической аппаратуры на геофизических предприятиях широко распространены метрологические установки калибровки и проверки скважинных инклинометров типа УСИ-2, УПИ-1, УКИ-2, УНП-3 и др. Подобные установки могут быть использованы только в стационарных условиях завода - изготовителя инклинометров или лабораторий геофизических компаний. До настоящего времени нет средств для оперативной проверки инклинометров на месторождениях. Авторами предложен метод и устройство для упрощения и повышения мобильности проверки скважинной системы ориентации, основанный на проверке инклинометров с использованием эталонной системы ориентации. Приводится описание процедуры проверки систем ориентации, выбраны чувствительные элементы и предложена ее конструктивная компоновка. Габариты и масса устройства сравнительно малы, что позволяет легко транспортировать его и быстро монтировать. Конструкция установки проста, обеспечивает высокую точность базирования поверяемого инклинометра и эталонного прибора. Возможность применения устройства для инклинометров разных диаметров делает его универсальным. Стоимость устройства много меньше поверочных установок. Простота обслуживания приводит к снижению трудоемкости работ при проверке инклинометров в полевых условиях. | ||
| 337 | |a Adobe Reader | ||
| 461 | 1 | |0 (RuTPU)RU\TPU\prd\143680 |x 2226-0064 |t Вестник науки Сибири |o электронный научный журнал |f Томский политехнический университет (ТПУ) |d 2011- | |
| 463 | 1 | |0 (RuTPU)RU\TPU\prd\220388 |t № 2 (12) |v [С. 101-106] |d 2014 | |
| 610 | 1 | |a труды учёных ТПУ | |
| 610 | 1 | |a электронный ресурс | |
| 610 | 1 | |a скважины | |
| 610 | 1 | |a методы сравнения | |
| 610 | 1 | |a метрологическое обеспечение | |
| 610 | 1 | |a скважинные инклинометры | |
| 610 | 1 | |a калибровка | |
| 700 | 1 | |a Гормаков |b А. Н. |c специалист в области приборостроения |c доцент Томского политехнического университета, кандидат технических наук |f 1949- |g Анатолий Николаевич |3 (RuTPU)RU\TPU\pers\26483 | |
| 701 | 1 | |a Ульянов |b И. А. |g Илья Александрович | |
| 701 | 1 | |a Ткачев |b В. Г. |g Владимир Георгиевич | |
| 712 | 0 | 2 | |a Национальный исследовательский Томский политехнический университет |c (2009- ) |9 26305 |
| 801 | 1 | |a RU |b 63413507 |c 20090623 |g PSBO | |
| 801 | 2 | |a RU |b 63413507 |c 20180112 |g PSBO | |
| 856 | 4 | |u http://earchive.tpu.ru/handle/11683/16695 | |
| 942 | |c BK | ||